Statistics for Red Hot Chili Peppers "This Ticonderoga" Lyrics

Click here to take the quiz!

General Stats

  • This quiz has been taken 5 times
  • The average score is 335 of 339

Answer Stats

Answer% Correct
a
100%
A
100%
Again
100%
all
100%
All
100%
Am
100%
an
100%
and
100%
And
100%
animals
100%
any
100%
appetite
100%
are
100%
asking
100%
back
100%
band
100%
battlefield
100%
be
100%
been
100%
best
100%
between
100%
black
100%
Brazil
100%
bride
100%
burning
100%
butterflies
100%
by
100%
Cactus
100%
call
100%
Can
100%
can
100%
cat
100%
certain
100%
come
100%
company
100%
Connected
100%
could
100%
crazy
100%
daffodil
100%
damn
100%
day
100%
declare
100%
devil's
100%
do
100%
Done
100%
done
100%
Don't
100%
element
100%
elephant
100%
emotional
100%
end
100%
ever
100%
eyes
100%
favorite
100%
field
100%
fight
100%
Flea
100%
flowers
100%
for
100%
free
100%
friend
100%
get
100%
girl
100%
go
100%
gonna
100%
great
100%
growing
100%
hair
100%
has
100%
have
100%
he
100%
held
100%
her
100%
him
100%
Hoping
100%
human
100%
I
100%
I'll
100%
Illusionary
100%
I'm
100%
in
100%
inside
100%
is
100%
it
100%
It's
100%
it's
100%
Join
100%
just
100%
know
100%
lazy
100%
let
100%
life
100%
like
100%
long
100%
love
100%
man
100%
me
100%
Means
100%
met
100%
mind
100%
mine
100%
miss
100%
much
100%
must
100%
my
100%
next
100%
no
100%
not
100%
Of
100%
of
100%
older
100%
on
100%
One
100%
one
100%
open
100%
opened
100%
other
100%
picked
100%
pretend
100%
quarts
100%
really
100%
repent
100%
report
100%
ride
100%
right
100%
rock
100%
roll
100%
said
100%
savor
100%
scary
100%
scratch
100%
see
100%
share
100%
she
100%
shines
100%
short
100%
sitting
100%
so
100%
So
100%
soldiers
100%
some
100%
Step
100%
swollen
100%
take
100%
ten
100%
that
100%
that's
100%
the
100%
there
100%
There's
100%
these
100%
thing
100%
This
100%
this
100%
Ticonderoga
100%
tight
100%
time
100%
to
100%
told
100%
too
100%
underworld
100%
unknown
100%
up
100%
us
100%
use
100%
want
100%
was
100%
way
100%
We
100%
we
100%
What
100%
when
100%
When
100%
wide
100%
with
100%
won't
100%
would
100%
Yes
100%
you
100%
You
100%
your
100%
zoo
100%
from
67%
took
67%
well
67%
epic
33%
flight
33%
lines
33%
loving
33%

Score Distribution

Percentile by Number Answered

Percent of People with Each Score

Your Score History

You have not taken this quiz